000 00322nam a22001337a 4500
003 SGT
082 _a346.0150 954,SON
100 _aSONTHEIMER,GUNTHER DIETZ
245 _aTHE JOINT HINDU FAMILY
260 _aNEW DELHI
_bMUNSHIRAM MANOHARLAL
_c1977
300 _a250
650 _aJOINT HINDU FAMILY
942 _2ddc
_cBK
_01
999 _c10656
_d10656